| 000 | 00582nam a22002177i 4500 | ||
|---|---|---|---|
| 003 | URS | ||
| 005 | 20220114152601.0 | ||
| 008 | 170223b xxu||||| |||| 00| 0 eng d | ||
| 020 | _a0451083407 | ||
| 040 |
_erda _cURSP-College Library _beng |
||
| 050 | 0 | 0 | _bM8342 1977 |
| 100 | 1 | _aMorrison, Toni | |
| 245 |
_aSong of Solomon _cToni Morrison |
||
| 264 | 1 |
_aNew York _bNew American Library _c1977. |
|
| 300 |
_a341pages _c18cm. |
||
| 336 |
_atext _btxt _2rdacontent |
||
| 337 |
_aunmediated _bn _2rdamedia |
||
| 338 |
_avolume _bnc _2rdacarrier |
||
| 500 | _aIncludes | ||
| 942 |
_2lcc _cFR |
||
| 999 |
_c6964 _d6964 |
||